000 00479nam a2200181Ia 4500
001 8813
005 20260306160637.0
008 260306t2009||||xx |||||||||||||| ||spa||
041 _aESP
082 _a371.39
_bZ89
100 _aDe Zubiría, Julián
_eAUT
245 0 _aLos ciclos en educación:
_bprincipios y lineamientos desde la pedagogía dialogante
260 _c2009
300 _a273 páginas :
_c24 cm.
650 _aGEN
654 _aCED
942 _cLIB
_dJUS
_fJUS
_2ddc
_n
999 _c8813
_d8813